| 000 | 01055nam a22002657a 4500 | ||
|---|---|---|---|
| 005 | 2012011307477.0 | ||
| 008 | 120113t xxu||||| |||| 00| 0 eng d | ||
| 010 | _aENG-104722 | ||
| 020 |
_a9781259004377 _c295.00 |
||
| 020 |
_a1259004376 _c295.00 |
||
| 035 | _aEN-88255 | ||
| 037 | _bDBAD/PUB | ||
| 040 |
_aDPL _bEng |
||
| 082 | _a005.1 | ||
| 100 |
_aBalagurusamy, E. _939174 |
||
| 245 | 0 | 0 |
_aBasic computation and principles of computer programming : _cby E. Balagurusamy _ban introduction to computing : WBUT-2011-12 / |
| 250 | _a2nd ed | ||
| 260 |
_aNew Delhi _bTata McGraw-Hill _cc2012 |
||
| 270 |
_a7 West Patel Nagar _bNew Delhi _e110001 |
||
| 300 |
_axii,583p. _c24cm(pbk) |
||
| 500 | _aIncludes bibliographical references | ||
| 942 |
_2ddc _cEN _h005.1 _mBAL |
||
| 999 |
_c60878 _d60878 |
||